Czy dobrze znasz wykonawców Disco Polo? - Statystyki

Ogólne statystyki
  • Ten quiz został rozwiązany 332 razy
  • Średni wynik to 8 z 20
Statystyki odpowiedzi
Imię i nazwisko: Pseudonim lub zespół: % Poprawnych
Marcin Miller Boys
98%
Radosław Liszewski Weekend
82%
Dorota Gwiazdowska MIG
64%
Patryk Pegza After Party
63%
Paweł Dudek Czadoman
59%
Karol Zawrotniak Defis
53%
Małgorzata Główka Camasutra
50%
Justyna Lubas Top Girls
49%
Emilia Sanecka Daj To Głośniej
44%
Piotr Kołaczyński MiłyPan
37%
Jakub Urbański Playboys
37%
Jerzy Szuj Jorrgus
28%
Joanna Kaczanowska Etna
24%
Agnieszka Drewnicka Exaited
24%
Bogumił Romanowski Łobuzy
20%
Łukasz Rosiński Luka Rosi
20%
Jarosław Grzesista Long & Junior
16%
Paweł Kucharski Top One
15%
Marek Lemieszek News
11%
Joanna Korycka Red Queen
10%
Nie znaleziono quizów pasujących do podanych kryteriów
Rozkład punktacji
Procent ludzi z każdym wynikiem
Percentyl według liczby udzielonych odpowiedzi
Twoja historia wyników
Nie rozwiązałeś tego quizu